|
|
|
|
| LEADER |
00000nam0a2200000 4500 |
| 001 |
286681 |
| 005 |
20231101235921.0 |
| 035 |
|
|
|a (RuTPU)RU\TPU\book\311008
|
| 090 |
|
|
|a 286681
|
| 100 |
|
|
|a 20150306d1985 k y0rusy50 ca
|
| 101 |
0 |
|
|a rus
|
| 102 |
|
|
|a UZ
|
| 105 |
|
|
|a a z 001zy
|
| 200 |
1 |
|
|a Статистические процессы в ядерных реакциях
|e [монография]
|f С. В. Артемов [и др.]
|g Академия наук Узбекской ССР (АН УзССР), Институт ядерной физики (ИЯФ)
|
| 210 |
|
|
|a Ташкент
|c Фан
|d 1985
|
| 215 |
|
|
|a 164 с.
|c ил.
|
| 320 |
|
|
|a Библиогр.: с. 144-161 (204 назв.)
|
| 320 |
|
|
|a Библиогр.: с. 144-161
|
| 606 |
1 |
|
|a Ядерные реакции
|2 stltpush
|3 (RuTPU)RU\TPU\subj\21730
|9 46682
|
| 610 |
1 |
|
|a статистические процессы
|
| 610 |
1 |
|
|a статистические флуктуации
|
| 610 |
1 |
|
|a теория
|
| 610 |
1 |
|
|a эксперименты
|
| 610 |
1 |
|
|a обработка
|
| 610 |
1 |
|
|a методы
|
| 610 |
1 |
|
|a дифференциальные сечения
|
| 610 |
1 |
|
|a экспериментальные данные
|
| 610 |
1 |
|
|a обсуждение
|
| 610 |
1 |
|
|a монографии
|
| 675 |
|
|
|a 539.17
|v 4
|
| 701 |
|
1 |
|a Артемов
|b С. В.
|g Сергей Викторович
|
| 701 |
|
1 |
|a Запаров
|b Э. А.
|g Эркин Арифович
|
| 701 |
|
1 |
|a Мазитов
|b Б. С.
|g Бурхан Салахитдинович
|
| 701 |
|
1 |
|a Пак
|b Э. А.
|g Эльза Александровна
|
| 712 |
0 |
2 |
|a Академия наук Узбекской ССР (АН УзССР)
|b Институт ядерной физики (ИЯФ)
|2 stltpush
|3 (RuTPU)RU\TPU\col\11486
|
| 801 |
|
1 |
|a RU
|b 63413507
|c 20150306
|
| 801 |
|
2 |
|a RU
|b 63413507
|c 20170214
|g RCR
|
| 942 |
|
|
|c BK
|